000 00663nam a2200217Ia 4500
003 GCL
008 140319s9999 xx 000 0 ara d
040 _aGCL /
_cGCL
082 0 4 _a910
_bط م
100 1 _aمحمد محمود محمدين
245 1 0 _aالمدخل الى علم الجغرافيا /
_cمحمد محمود محمدين
700 1 _aطه عثمان الفدا
300 _a441 ص
490 _aالهيئة العامة للاستعلامات
_v0
650 0 4 _aالمساحة
650 0 4 _aالجغرافيا الطبيعية
650 0 4 _aالجغرافيا
650 0 4 _aالسكان
650 0 4 _aالخرائط
942 _2ddc
_cBK
999 _c52155
_d52155